[Event "CZE-chT1W 1011"]
[Site "Czech Republic"]
[Date "2011.01.16"]
[Round "6.7"]
[White "Matejka, Petr"]
[Black "Adamek, Zdenek"]
[Result "1-0"]
[WhiteElo "2151"]
[BlackElo "2252"]
[PlyCount "175"]
[EventDate "2010.10.10"]
[EventType "team-tourn"]
[EventRounds "11"]
[EventCountry "CZE"]
[SourceTitle "EXT 2012"]
[Source "ChessBase"]
[SourceDate "2011.11.24"]
[SourceVersion "1"]
[SourceVersionDate "2011.11.24"]
[SourceQuality "1"]
[WhiteTeam "Praha Bohemians"]
[BlackTeam "Praha Holdia II"]
[WhiteTeamCountry "CZE"]
[BlackTeamCountry "CZE"]

1. d4 Nf6 2. c4 g6 3. Nc3 Bg7 4. Nf3 0-0 5. g3 d5 6. cxd5 Nxd5 7. Bg2 Nb6 8. 0-0 Nc6 9. d5 Na5 10. Qd3 c6 11. Rd1 cxd5 12. Qb5 Nac4 13. Nxd5 Nd6 14. Qb4 Nxd5 15. Rxd5 Be6 16. Rd1 Qb6 17. a3 h6 18. Nd4 Bc4 19. Be3 Qxb4 20. axb4 a6 21. Kf1 Rac8 22. Rac1 Rfd8 23. Ke1 Nb5 24. Bxb7 Rc7 25. Bxa6 Nxd4 26. Bxd4 Bxa6 27. Rxc7 Rxd4 28. Rxd4 Bxd4 29. Rxe7 Kf8 30. Rc7 Bxb2 31. Kd2 Bg7 32. Rc6 Bb7 33. Rc7 Bd5 34. b5 Ke8 35. Kd3 Kd8 36. Rc5 Bb7 37. b6 Ba6+ 38. Kd2 Bb7 39. Ke3 Bf6 40. Kd2 Bg7 41. e3 Be4 42. Ke2 Bb7 43. f3 Bf8 44. Rc7 Bd5 45. Kf2 Be6 46. Rc3 Bc8 47. Rc2 Bd6 48. Kg2 h5 49. h4 Bb7 50. e4 Ke7 51. Kh2 Kd7 52. Rc4 Ba6 53. Rc2 Bb7 54. Rc1 Ba6 55. f4 Bb7 56. e5 Bb8 57. Rd1+ Kc8 58. Rc1+ Kd7 59. Rc4 Bd5 60. Rc5 Bb7 61. Kg1 Ke6 62. Kf2 Ke7 63. Ke3 Ke6 64. Rc1 Ke7 65. Rd1 Ke8 66. Kd4 Ke7 67. Kc5 Ke8 68. Rg1 Bf3 69. Re1 Ke7 70. Re3 Bb7 71. Rd3 Ke8 72. Kb5 Ke7 73. Rd1 Ke8 74. Rg1 Ke7 75. g4 hxg4 76. Rxg4 Bf3 77. Rg3 Bb7 78. h5 gxh5 79. Rg8 Bxe5 80. fxe5 Ke6 81. Rg5 h4 82. Rh5 h3 83. Kc5 h2 84. Rxh2 Kxe5 85. Re2+ Kf6 86. Kd6 Kg6 87. Re7 Bf3 88. Ke5 1-0

[Event "CZE-chT1W 1011"]
[Site "Czech Republic"]
[Date "2010.12.12"]
[Round "5.8"]
[White "Domlatil, Jiri"]
[Black "Matejka, Petr"]
[Result "0-1"]
[WhiteElo "2115"]
[BlackElo "2151"]
[PlyCount "40"]
[EventDate "2010.10.10"]
[EventType "team-tourn"]
[EventRounds "11"]
[EventCountry "CZE"]
[SourceTitle "EXT 2012"]
[Source "ChessBase"]
[SourceDate "2011.11.24"]
[SourceVersion "1"]
[SourceVersionDate "2011.11.24"]
[SourceQuality "1"]
[WhiteTeam "Praha Vysehrad"]
[BlackTeam "Praha Bohemians"]
[WhiteTeamCountry "CZE"]
[BlackTeamCountry "CZE"]

1. e4 c6 2. Nc3 d5 3. Nf3 Bg4 4. d3 Nf6 5. Be2 e6 6. 0-0 dxe4 7. dxe4 Qc7 8. Be3 Nbd7 9. Nd4 Bxe2 10. Qxe2 Be7 11. Rad1 0-0 12. f4 Rfe8 13. Qc4 Bc5 14. b4 Bb6 15. Rf3 Ng4 16. e5 Rad8 17. Na4 Nxe3 18. Rxe3 Bxd4 19. Qxd4 Nb6 20. Qa1 Nxa4 0-1

[Event "CZE-chT2A 0910"]
[Site "Czech Republic"]
[Date "2010.02.28"]
[Round "8.8"]
[White "Matejka, Petr"]
[Black "Staif, Martin"]
[Result "1/2-1/2"]
[WhiteElo "2171"]
[BlackElo "2005"]
[PlyCount "42"]
[EventDate "2009.10.18"]
[EventType "team-tourn"]
[EventRounds "11"]
[EventCountry "CZE"]
[SourceTitle "EXT 2012"]
[Source "ChessBase"]
[SourceDate "2011.11.24"]
[SourceVersion "1"]
[SourceVersionDate "2011.11.24"]
[SourceQuality "1"]
[WhiteTeam "Praha Bohemians II"]
[BlackTeam "Plzen Letna"]
[WhiteTeamCountry "CSR"]
[BlackTeamCountry "CZE"]

1. d4 Nf6 2. c4 e6 3. Nc3 c5 4. d5 exd5 5. cxd5 d6 6. Nf3 g6 7. e4 Bg7 8. Be2 0-0 9. 0-0 Re8 10. Nd2 g5 11. a4 Nbd7 12. a5 Ne5 13. Re1 Ng6 14. a6 b6 15. Bb5 Bd7 16. Qa4 Bxb5 17. Qxb5 Ng4 18. Nf3 h6 19. Qa4 N4e5 20. Nxe5 Bxe5 21. Ne2 Qf6 1/2-1/2

[Event "CZE-chT2A 0910"]
[Site "Czech Republic"]
[Date "2009.11.22"]
[Round "3.8"]
[White "Stolz, Lubor"]
[Black "Matejka, Petr"]
[Result "1/2-1/2"]
[WhiteElo "1923"]
[BlackElo "2171"]
[PlyCount "103"]
[EventDate "2009.10.18"]
[EventType "team-tourn"]
[EventRounds "11"]
[EventCountry "CZE"]
[SourceTitle "EXT 2012"]
[Source "ChessBase"]
[SourceDate "2011.11.24"]
[SourceVersion "1"]
[SourceVersionDate "2011.11.24"]
[SourceQuality "1"]
[WhiteTeam "Zebrak"]
[BlackTeam "Praha Bohemians II"]
[WhiteTeamCountry "CZE"]
[BlackTeamCountry "CSR"]

1. d4 Nf6 2. Bf4 d5 3. Nf3 g6 4. e3 Bg7 5. Bd3 0-0 6. 0-0 c5 7. c3 cxd4 8. exd4 Nc6 9. Nbd2 Re8 10. h3 Bd7 11. Ne5 Nh5 12. Bh2 Nxe5 13. dxe5 Bh6 14. Re1 Qb6 15. Rb1 Rad8 16. Nf3 Nf4 17. Bxf4 Bxf4 18. Bc2 Bh6 19. Qd4 Qxd4 20. Nxd4 e6 21. Re2 Rc8 22. Bd3 a6 23. g3 Rc7 24. Kg2 Rb8 25. f4 b5 26. Rc2 Bf8 27. a3 Bc5 28. Rbc1 Kg7 29. h4 h5 30. Kf3 Rbc8 31. b4 Be7 32. Ke3 Kg8 33. Kd2 Bf8 34. Ra1 Bh6 35. a4 f6 36. Nf3 Kf7 37. exf6 Kxf6 38. Ne5 Be8 39. axb5 axb5 40. Ra5 Rb8 41. Nf3 Rcb7 42. Rca2 Re7 43. Ra7 Rbb7 44. Rxb7 Rxb7 45. Ra5 Ke7 46. Ne5 Kf6 47. Kc2 Bg7 48. Ra8 Bf7 49. Kb2 Bh6 50. Nf3 Ke7 51. Nd4 Bg7 52. Nf3 1/2-1/2